The birds of Burma with 32 colour plates by Commander A.M. Hughes

Bibliographic Details
Main Author: SMYTHIES (Bertram Evelyn)
Other Authors: Hughes
Format: Book
Published: Kota Kinabalu, Sabah : Natural History Pub. , 2001
Edition:4th ed.
Subjects:

MARC

LEADER 00000cam a2200000 7i4500
001 0000001999
005 20020731.0
020 0 0 |a 9838120499 
090 0 0 |a R598.09591   |b SMY 2001 
100 1 0 |a SMYTHIES   |h Bertram E. [  |q (Bertram Evelyn)] 
245 1 4 |a The birds of Burma   |c Bertram E. Smythies :   |b with 32 colour plates by Commander A.M. Hughes 
250 0 0 |a 4th ed. 
260 0 0 |a Kota Kinabalu, Sabah :   |b Natural History Pub. ,   |c 2001 
300 |a xiii, 601 p. :   |b col. ill. ;   |c 26 cm. 
500 0 0 |a Includes bibliographical references and index 
650 0 0 |a Birds   |z Burma 
700 0 1 |a Hughes   |h A. M. 
998 |a JPSM 
999 |a 0000003348   |b Monograph   |c Reference   |e Default branch